| 000 | 00593nam a2200145Ia 4500 | ||
|---|---|---|---|
| 008 | 170221s9999 xx 000 0 und d | ||
| 100 | _aVictoria V. Prokhorova | ||
| 245 | _aLogistics Management as a Tool to Achieve Competitive Advantages of the Enterprise Trade | ||
| 245 | _cVictoria V. Prokhorova, Oksana N. Kolomyts, Alyona I. Nenasheva, Nickolay A. Sholukha, Pavel G. Vashchenko | ||
| 260 | _bInternational Review of Management and Marketing | ||
| 260 | _cNovember 2014 | ||
| 300 | _a3:4 | ||
| 650 | _xMarketing. | ||
| 856 | _uhttp://www.econjournals.com/index.php/irmm/issue/view/86 | ||
| 999 |
_c310239 _d310239 |
||